000 01633nam a2200421Ia 4500
001 ebr10190743
003 CaPaEBR
006 m u
007 cr cn|||||||||
008 051011s2006 ctu sb 000 0 eng d
010 _z 2005029102
020 _z0300108168 (pbk.)
020 _z9780300108163
020 _z9780300138306
040 _aCaPaEBR
_cCaPaEBR
035 _a(OCoLC)175210277
050 1 4 _aPR2833.A2
_bR34 2006eb
082 0 4 _a822.3/3
_222
100 1 _aShakespeare, William,
_d1564-1616.
245 1 4 _aThe tempest
_h[electronic resource] /
_cWilliam Shakespeare ; fully annotated, with an introduction, by Burton Raffel ; with an essay by Harold Bloom.
260 _aNew Haven :
_bYale University Press,
_cc2006.
300 _axxxiv, 157 p.
490 1 _aThe annotated Shakespeare
504 _aIncludes bibliographical references (p. 149-154).
533 _aElectronic reproduction.
_bPalo Alto, Calif. :
_cebrary,
_d2009.
_nAvailable via World Wide Web.
_nAccess may be limited to ebrary affiliated libraries.
650 0 _aFathers and daughters
_vDrama.
650 0 _aIslands
_vDrama.
650 0 _aMagicians
_vDrama.
650 0 _aPolitical refugees
_vDrama.
650 0 _aShipwreck victims
_vDrama.
650 0 _aSpirits
_vDrama.
655 7 _aElectronic books.
_2local
700 1 _aBloom, Harold.
700 1 _aRaffel, Burton.
710 2 _aebrary, Inc.
800 1 _aShakespeare, William,
_d1564-1616.
_tWorks.
_f2003.
_sYale University Press.
856 4 0 _uhttp://site.ebrary.com/lib/rucke/Doc?id=10190743
_zAn electronic book accessible through the World Wide Web; click to view
999 _c147702
_d147702